<?xml version="1.0" encoding="UTF-8"?><?xml-stylesheet type="text/xsl" href="static/style.xsl"?><OAI-PMH xmlns="http://www.openarchives.org/OAI/2.0/" xmlns:xsi="http://www.w3.org/2001/XMLSchema-instance" xsi:schemaLocation="http://www.openarchives.org/OAI/2.0/ http://www.openarchives.org/OAI/2.0/OAI-PMH.xsd"><responseDate>2026-04-17T05:32:09Z</responseDate><request verb="GetRecord" identifier="oai:www.recercat.cat:10256/25448" metadataPrefix="marc">https://recercat.cat/oai/request</request><GetRecord><record><header><identifier>oai:recercat.cat:10256/25448</identifier><datestamp>2024-10-29T21:06:44Z</datestamp><setSpec>com_2072_452955</setSpec><setSpec>com_2072_2054</setSpec><setSpec>col_2072_453067</setSpec></header><metadata><record xmlns="http://www.loc.gov/MARC21/slim" xmlns:dcterms="http://purl.org/dc/terms/" xmlns:xsi="http://www.w3.org/2001/XMLSchema-instance" xmlns:doc="http://www.lyncode.com/xoai" xsi:schemaLocation="http://www.loc.gov/MARC21/slim http://www.loc.gov/standards/marcxml/schema/MARC21slim.xsd">
   <leader>00925njm 22002777a 4500</leader>
   <datafield ind2=" " ind1=" " tag="042">
      <subfield code="a">dc</subfield>
   </datafield>
   <datafield ind2=" " ind1=" " tag="720">
      <subfield code="a">Baiges Minguella, Montse</subfield>
      <subfield code="e">author</subfield>
   </datafield>
   <datafield ind2=" " ind1=" " tag="720">
      <subfield code="a">Bouzas Sabater, Marc</subfield>
      <subfield code="e">author</subfield>
   </datafield>
   <datafield ind2=" " ind1=" " tag="720">
      <subfield code="a">Puigredon Boixadera, Jaume</subfield>
      <subfield code="e">author</subfield>
   </datafield>
   <datafield ind2=" " ind1=" " tag="260">
      <subfield code="c">2021</subfield>
   </datafield>
   <datafield ind2=" " ind1=" " tag="520">
      <subfield code="a">Plana d'Urgell is a territory that meets the basical environmental conditions for human settlements from prehistory; different historical societies have transformed and adapted this space to their needs, as can be observed in the large number of sites known so far. Tossal Roig (Bellvís, Pla d'Urgell) is another example of this human occupation in ancient times in a densely populated territory, and here we present the first evidences of this rural settlement from the 2nd bC to 2nd centuries aC</subfield>
   </datafield>
   <datafield ind2=" " ind1=" " tag="520">
      <subfield code="a">Aquest treball presenta els resultats del primer estudi fet sobre els materials arqueològics recuperats en superfície a la partida del Tossal Roig de Bellvís (el Pla d’Urgell) que evidencien l’existència d’un jaciment arqueològic d’època ibèrica i romana desconegut científicament fins ara, comprès entre els segles ii aC i ii dC (de l’ibèric final a la crisi romanoimperial). Tal com els mateixos autors apunten en un estudi anterior (BAIGES, BOUZAS i PUIGREDON, 2019), dins del terme municipal de Bellvís hi ha diverses zones en les quals apareixen materials ibèrics i romans en superfície però no hi ha constància de cap jaciment arqueològic associat. En aquest cas, s’aprofundeix en una d’aquestes àrees a partir dels fragments ceràmics i les peces numismàtiques que veïns del poble i dels municipis de l’entorn han recollit durant el segle xx, i que ens han permès estudiar-los molt generosament</subfield>
   </datafield>
   <datafield ind1="8" ind2=" " tag="024">
      <subfield code="a">http://hdl.handle.net/10256/25448</subfield>
   </datafield>
   <datafield tag="653" ind2=" " ind1=" ">
      <subfield code="a">Bellvís (Catalunya) -- Arqueologia</subfield>
   </datafield>
   <datafield tag="653" ind2=" " ind1=" ">
      <subfield code="a">Bellvís (Catalonia) -- Antiquities</subfield>
   </datafield>
   <datafield tag="653" ind2=" " ind1=" ">
      <subfield code="a">El Tossal Roig (Bellvís, Catalunya : Jaciment arqueològic)</subfield>
   </datafield>
   <datafield tag="653" ind2=" " ind1=" ">
      <subfield code="a">El Tossal Roig (Bellvís, Catalonia : Archaeological site)</subfield>
   </datafield>
   <datafield tag="653" ind2=" " ind1=" ">
      <subfield code="a">Excavacions arqueològiques -- Catalunya -- Bellvís</subfield>
   </datafield>
   <datafield tag="653" ind2=" " ind1=" ">
      <subfield code="a">Excavations (Archaeology) -- Catalonia -- Bellvís</subfield>
   </datafield>
   <datafield tag="653" ind2=" " ind1=" ">
      <subfield code="a">Ibers -- Catalunya -- Bellvís</subfield>
   </datafield>
   <datafield tag="653" ind2=" " ind1=" ">
      <subfield code="a">Iberians -- Catalonia -- Bellvís</subfield>
   </datafield>
   <datafield tag="653" ind2=" " ind1=" ">
      <subfield code="a">Romans -- Catalunya -- Bellvís</subfield>
   </datafield>
   <datafield tag="653" ind2=" " ind1=" ">
      <subfield code="a">Romans -- Catalonia -- Bellvís</subfield>
   </datafield>
   <datafield ind2="0" ind1="0" tag="245">
      <subfield code="a">La presència ibèrica i romana a la comarca del Pla d'Urgell. El Tossal Roig (Bellvís, Pla d'Urgell), un nou jaciment arqueològic a les Terres de Ponent</subfield>
   </datafield>
</record></metadata></record></GetRecord></OAI-PMH>